Expansive bentonite-sand mixtures in cyclic controlled-suction drying and wetting

Podrobná bibliografia
Hlavní autori: Alonso, E.E (Author), García-Escudero, E. (Author), Hoffmann, C. (Author), Romero, E. (Author)
Médium: Článok
Jazyk:English
Témy:
Zdroj: 1. Engineering geology 1. 0013-7952 1. Roč. 81, č. 3 (november 2005), s. 213-226
LEADER 01177nab#a2200385#ar4500
001 000055331
003 SVKKK
005 20060119145654.0
008 c2005 ne e eng
FMT
015 |a SNBRB2006/01-ccccc 
038 |a SVKKK 
040 |a SVKKK  |b slo  |e AACR2 
041 0 |a eng  |b eng 
044 |a ne  |c NL 
080 |a 519.673  |2 1997 
080 |a 552.523  |2 1997 
242 1 0 |a Napúčavé bentonitovo-pieskové zmesi v cyklickom vysušovaní a namáčaní s riadenou nasiakavosťou 
245 0 0 |a Expansive bentonite-sand mixtures in cyclic controlled-suction drying and wetting  |c E.E. Alonso ... [et al.] 
300 |b Obr., tab. 
504 |a Bibliogr. odkazy 
504 |a Res. angl. 
650 0 4 |a modelovanie matematické  |x íly  |x bariéry izolačné 
650 0 4 |a íly  |x zeminy zhutnené napúčavé  |x nasiakavosť 
700 1 |a Alonso, E.E.  |4 aut 
700 1 |a García-Escudero, E.  |4 aut 
700 1 |a Hoffmann, C.  |4 aut 
700 1 |a Romero, E.  |4 aut 
773 0 |t Engineering geology  |x 0013-7952  |g Roč. 81, č. 3 (november 2005), s. 213-226 
958 |a NB 
992 |a RBX 
BAS
852 |a SVKKK  |b BIB 
EXP
998 |a GEO